000 01032nam a22002297a 4500
999 _c17214
_d17214
005 20251125232854.0
008 s2533 th tha d
040 _aNALT
041 _atha
245 1 0 _aเอกสารการสอนชุดวิชา กฎหมายมหาชน เล่มที่ 1 หน่วยที่ 1-7
246 _aPublic law
260 3 _aนนทบุรี :
_bสาขาวิชานิติศาสตร์ มหาวิทยาลัยสุโขทัยธรรมาธิราช,
_c2533
650 0 4 _aกฎหมายปกครอง -- ไทย
650 0 4 _aกฎหมายมหาชน
650 0 4 _aรัฐธรรมนูญ -- ไทย
650 0 4 _aไทย -- รัฐธรรมนูญ
850 _aNALT
856 4 0 _uhttps://hdl.handle.net/20.500.14156/302304
_71
942 _cLB
_2lcc
_01
998 _j25
_k นีลวัสน์ อินทรักษา
090 _aKE11 ส747อ 2526